Alle 81 Städte Deutschlands mit E - Statistiken

Allgemein
  • Dieses Quiz wurde 124 mal gespielt
  • Das Durchschnittsergebnis liegt bei 21 aus 81
Antwortstatistiken
Landkreis Stadt % Korrekt
\ (kreisfrei) Essen
94%
\ (Landeshauptstadt) Erfurt
79%
\ (kreisfrei) Erlangen
77%
E**l**g*n Esslingen
77%
E*d**g Erding
70%
E**k**c**n Euskirchen
69%
Wartburgkreis Eisenach
64%
\ (kreisfrei) Emden
64%
Emmendingen Endingen am Kaiserstuhl
59%
E***nd**g*n Emmendingen
58%
Rendsburg-E****nf**de Eckernförde
57%
E***sb**g Ebersberg
53%
E*n**e-Ruhr-Kreis Ennepetal
51%
Barnim Eberswalde
50%
Ostholstein Eutin
48%
Rhein-Erft-Kreis Erftstadt
47%
Mansfeld-Südharz Eisleben
45%
Karlsruhe Ettlingen
45%
Aachen Eschweiler
42%
Heinsberg Erkelenz
41%
Oder-Spree Eisenhüttenstadt
36%
Pinneberg Elmshorn
36%
Ostalbkreis Ellwangen (Jagst)
33%
Saale-Holzland-Kreis Eisenberg
30%
Donnersbergkreis Eisenberg (Pfalz)
30%
Mettmann Erkrath
30%
E***s***t Eichstätt
29%
Main-Taunus-Kreis Eschborn
28%
Rhein-Neckar-Kreis Eberbach
26%
Göppingen Ebersbach a. d. Fils
26%
Görlitz Ebersbach-Neugersdorf
26%
Steinfurt Emsdetten
26%
Alb-Donau-Kreis Erbach
26%
Odenwaldkreis Erbach
26%
Werra-Meißner-Kreis Eschwege
26%
Kleve Emmerich
24%
Nordsachsen Eilenburg
23%
Wittmund Esens
23%
Alb-Donau-Kreis Ehingen
22%
Heilbronn Eppingen
21%
Rottal-Inn Eggenfelden
20%
Northeim Einbeck
20%
Herford Enger
17%
Neustadt a.d. Waldnaab Eschenbach
15%
Forchheim Ebermannstadt
14%
Haßberge Ebern
14%
Südl. Weinstraße Edenkoben
14%
Göppingen Eislingen/Fils
14%
Elbe-Elster Elsterwerda
14%
Konstanz Engen
13%
Main-Taunus-Kreis Eppstein
13%
Minden-Lübbecke Espelkamp
13%
Rheingau-Taunus-Kreis Eltville
10%
Rhein-Neckar-Kreis Eppelheim
10%
Hildburghausen Eisfeld
9%
Erzgebirgskreis Eibenstock
8%
Miltenberg Erlenbach
8%
Main-Kinzig-Kreis Erlensee
8%
Rhein-Erft-Kreis Elsdorf
7%
Wesermarsch Elsfleth
7%
Vogtlandkreis Elsterberg
7%
Hildesheim Elze
7%
Warendorf Ennigerloh
7%
Oder-Spree Erkner
7%
Ortenaukreis Ettenheim
7%
Kyffhäuserkreis Ebeleben
6%
Salzlandkreis Egeln
6%
Vorpommern-Greifswald Eggesin
6%
Bautzen Elstra
6%
Soest Erwitte
6%
Burgenlandkreis Eckartsberga
5%
Erzgebirgskreis Ehrenfriedersdorf
5%
Weißenburg-Gunzenhausen Ellingen
5%
Rhein-Hunsrück-Kreis Emmelshausen
5%
Holzminden Eschershausen
5%
Nordhausen Ellrich
3%
Erzgebirgskreis Elterlein
3%
Haßberge Eltmann
3%
Emmendingen Elzach
3%
Tirschenreuth Erbendorf
2%
Würzburg Eibelstadt
1%
Keine übereinstimmenden Quizze gefunden
Verteilung der Resultate
Anzahl Personen mit jedem Resultat
Perzentil nach korrekt beantworteten Fragen
Ihre Resultats-Entwicklung
Sie haben dieses Quiz noch nicht gespielt